00546pam a2200193 a 4500001000800000005001700008008004100025010001700066020003200083020003900115040001800154041000800172080001500180082001900195100000700214101000800221245005700229504006600286301395420171219081406.0940406s1994 kyua b s001 0 eng  a 94013777  a0813118905 (acidfree paper) a0813108349 (pbk. : acidfree paper) aDLCcDLCdDLC aeng a398.21 ZIP00a398.21 ZIP2201 a21 aGJL10aFairy tale as myth/myth as fairy tale /cJack Zipes. aIncludes bibliographical references (p. [175]-185) and index.